Statistics for Countries with Supervolcanoes

Click here to take the quiz!

General Stats

  • This quiz has been taken 26 times
  • The average score is 10 of 13

Answer Stats

Location Country % Correct
8Crater Lake | Emory | La Garita | Lava Creek |
Long Valley | Paintbrush | Valles | Yellowstone
United States
100%
4Maninjau | Sunda | Tambora | TobaIndonesia
96%
3Aira | Aso | RyukyuJapan
96%
3Lascar | Pacana | SocompaChile
91%
1Vesuvius (Phlegraean Fields)Italy
91%
1PaektuChina / North Korea
87%
5Aguas Calientes | Atuel | Cerro Blanco |
Cerro El Cóndor | Cerro Galán
Argentina
83%
2Karymshina | Kurile LakeRussia
83%
1Flat Landing BrookCanada
83%
1TaupoNew Zealand
65%
2Cerro Panizos | Pastos GrandesBolivia
43%
1SantoriniGreece
39%
1Atitlán (Central America Volcanic Arc)Guatemala
35%

Score Distribution

Percentile by Number Answered

Percent of People with Each Score

Your Score History

You have not taken this quiz